000 00762nam a2200301Ia 4500
001 41051
003 IT-RoPAU
008 130308s9999 xx 000 0 und d
040 _aIT-RoPAU
040 _cIT-RoPAU
041 _aFRANCESE
100 _aFagone Vittorio
100 _gCodice Aut. SPICS: 6839
245 _aComme j'amerais ecouter les images
245 _bOu' va la Video?
250 _a1a ed.
260 _aPARIS
260 _bL'Etoile
260 _c1986 [1° Ed.:1986 - Ed.Ling.Originale:1986]
300 _a"3 p. (prefazione: no ; testo: 3 [pagine: 86-88])"
500 _aTelevisione
650 _aSAGGI SULLA TELEVISIONE
650 _eCodice materia Spics: 6961
942 _cBK
957 _71
999 _c57606
_d57606
999 _bSI
999 _g1